Eastern Utah Libraries Catalog: Duchesne, Heber, Roosevelt, & Vernal

Defend the dawn / (Record no. 378531)

MARC details
000 -LEADER
fixed length control field 01654cam a2200397 i 4500
001 - CONTROL NUMBER
control field BK0029259743
003 - CONTROL NUMBER IDENTIFIER
control field DLC
005 - DATE AND TIME OF LATEST TRANSACTION
control field 20240329105230.0
008 - FIXED-LENGTH DATA ELEMENTS--GENERAL INFORMATION
fixed length control field 220506s2022 nyua d 000 1 eng
010 ## - LIBRARY OF CONGRESS CONTROL NUMBER
LC control number 2022012547
020 ## - INTERNATIONAL STANDARD BOOK NUMBER
International Standard Book Number 9781547610075 : HRD
Terms of availability 18.99
020 ## - INTERNATIONAL STANDARD BOOK NUMBER
International Standard Book Number 1547610077 : HRD
Terms of availability 18.99
Qualifying information (hardcover)
Cancelled/invalid ISBN 9781547610082
Qualifying information (ebook)
037 ## - SOURCE OF ACQUISITION
Source of stock number/acquisition Bloomsbury Childrens Books, C/O Mps 16365 James Madison Hwy, Gordonsville, VA, USA, 22942
Note SAN 631-5011
040 ## - CATALOGING SOURCE
Original cataloging agency DLC
Language of cataloging eng
Description conventions rda
Transcribing agency DLC
Modifying agency IMmBT
-- NjBwBT
050 00 - LIBRARY OF CONGRESS CALL NUMBER
Classification number PZ7.K3052
Item number Dd 2022
082 00 - DEWEY DECIMAL CLASSIFICATION NUMBER
Classification number [Fic]
Edition number 23
092 ## - LOCALLY ASSIGNED DEWEY CALL NUMBER (OCLC)
Classification number FIC
100 1# - MAIN ENTRY--PERSONAL NAME
Personal name Kemmerer, Brigid,
Relator term author.
9 (RLIN) 5973874
245 10 - TITLE STATEMENT
Title Defend the dawn /
Statement of responsibility, etc Brigid Kemmerer.
264 #1 - Production, Publication, Distribution, Manufacture, and Copyright Notice.
Place of production, publication, distribution, manufacture New York :
Name of producer, publisher, distributor, manufacturer Bloomsbury,
Date of production, publication, distribution, manufacture, or copyr 2022.
300 ## - PHYSICAL DESCRIPTION
Extent 433 pages :
Other physical details illustration ;
Dimensions 24 cm.
336 ## - Content Type
Content type term text
337 ## - Media type
Media type term unmediated
338 ## - Carrier type
Carrier type term volume
490 0# - SERIES STATEMENT
Series statement [Defy the night] ;
Volume number/sequential designation [2]
521 ## - TARGET AUDIENCE NOTE
Target audience note Ages 13+.
Source Bloomsbury.
521 ## - TARGET AUDIENCE NOTE
Target audience note Grades 10-12.
Source Bloomsbury.
520 ## - SUMMARY, ETC.
Summary, etc The kingdom of Kandala narrowly avoided catastrophe, yet the embers of revolution still simmer, and as Tessa and Prince Corrick attempt to foster unity between rebels and royals while mending their own fractured relationship, danger strikes, and no one iswho they claimed to be.
655 #7 - INDEX TERM--GENRE/FORM
Genre/form data or focus term Fantasy fiction.
Source of term lcgft
655 #7 - INDEX TERM--GENRE/FORM
Genre/form data or focus term Novels.
Source of term lcgft
650 #1 - SUBJECT ADDED ENTRY--TOPICAL TERM
Topical term or geographic name as entry element Fantasy.
650 #1 - SUBJECT ADDED ENTRY--TOPICAL TERM
Topical term or geographic name as entry element Courts and courtiers
Form subdivision Fiction.
9 (RLIN) 5673858
650 #1 - SUBJECT ADDED ENTRY--TOPICAL TERM
Topical term or geographic name as entry element Magic
Form subdivision Fiction.
9 (RLIN) 5673694
776 08 - ADDITIONAL PHYSICAL FORM ENTRY
Display text Online version:
776 08 - ADDITIONAL PHYSICAL FORM ENTRY
Main entry heading Kemmerer, Brigid.
Title Defend the dawn
Place, publisher, and date of publication New York : Bloomsbury, 2022
International Standard Book Number 9781547610082
Record control number (DLC) 2022012548
Holdings
Withdrawn status Lost status Source of classification or shelving scheme Damaged status Not for loan Collection code Home library Current library Shelving location Date acquired Source of acquisition Serial Enumeration / chronology Total Checkouts Total Renewals Full call number Barcode Checked out Date last seen Date checked out Cost, replacement price Price effective from Koha item type
  Long Overdue (Lost) Dewey Decimal Classification     Young Adult Fiction Wasatch County Library Wasatch County Library Main Floor Teen Area 11/03/2022 Micromarketing #2 Defy the Night 10 15 YA Kemmerer 34301001868100 05/06/2025 03/10/2025 03/10/2025 18.99 11/03/2022 BOOK
This project was made possible through a grant from the Institute of Museum and Library Service administered by the Utah State Library Division.

Wasatch County Library

  • 465 East 1200 South, Heber City, Utah 84032
  • Phone 435-654-1511 | Fax 435-654-6456

Hours

  • Monday - Friday 9:30 AM - 8:00 PM
  • Saturday 9:30 AM - 1:30 PM
  • Closed Sundays and Holidays